| 000 | 01933nam0a2200361 4500 | ||
|---|---|---|---|
| 001 | RU\NLR\BIBL_A\022036920 | ||
| 005 | 20260405162128.0 | ||
| 010 |
_a978-5-4465-3894-2 _9500 |
||
| 021 |
_aRU _b2023-52468 _9КН-П-5265 |
||
| 035 | _a(NLR Aleph) 022036920 | ||
| 090 |
_a12556967 _c12556967 |
||
| 100 | _a20230928d2023 |||y0rusy50 ca | ||
| 101 | 0 |
_arus _deng |
|
| 102 | _aRU | ||
| 105 | _aab z 000zy | ||
| 181 | 0 |
_ai3 _baxxe |
|
| 182 | 0 | _an | |
| 200 | 1 |
_aВооружение воинов Северо-Западного Предкавказья, VIII-XIV вв. _dThe arm of the North-West Caucasus warriors in VIII-XIV _e(оружие ближнего боя) _fУ. Ю. Кочкаров _gРоссийская академия наук, Институт археологии, Карачаево-Черкесский государственный университет им. У. Д. Алиева _zeng |
|
| 203 |
_aТекст _bвизуальный _cнепосредственный |
||
| 210 |
_aМосква _cИнститут археологии Российской академии наук _d2023 |
||
| 215 |
_a165, [2] с. _cил., табл., карты _d22 |
||
| 300 | _aАвт. также на англ. яз.: U. Y. Kochkarov | ||
| 300 | _aРез. на англ. яз. | ||
| 320 | _aБиблиогр.: с. 128-140 и в подстроч. примеч. | ||
| 510 | 1 |
_6z23790 _aThe arm of the North-West Caucasus warriors in VIII-XIV _zeng |
|
| 606 | 1 |
_aОружие ближнего боя _yПредкавказье Северо-Западное _z8 - 14 вв. _92527296 _3RU\NLR\AUTH\661497194 |
|
| 686 | 1 | _aЦ9г(2Р37) | |
| 700 | 1 |
_8rus _7ca _aКочкаров _bУ. Ю. _gУмар Юсуфович _3RU\NLR\AUTH\7768476 _951404 |
|
| 790 | 1 |
_8rus _7ba _aKočkarov _bU. J. _gUmar Jusufovič _3RU\NLR\AUTH\7768477 _951405 |
|
| 942 | _cBOOK | ||
| 980 | _aNB | ||